000 00311nam a22001337a 4500
020 _a978-9384502249
041 _aENG
100 _aDavidson B
245 _aAgricultural Engineering
260 _aNew Delhi
_bAgri-blovet Press
_c2017
300 _a500
650 _aCompetitive Exam
856 _uCompetitive Exam
999 _c155
_d155